Statistiques concernant Associez ces footballeurs à leurs clubs formateurs français

Cliquez ici pour prendre le quiz!

Statistiques générales

  • Ce quiz a été pris 761 fois
  • Le résultat moyen est 9 sur 20

Statistiques - réponses

HintRéponse% Correct
Kylian MbappéAS Monaco
87%
Raphaël VaraneRC Lens
78%
Ousmane DembeleStade Rennais
78%
Zinédine ZidaneAS Cannes
74%
Sadio ManéFC Metz
74%
Riyad MahrezLe Havre
69%
Nicolas AnelkaPSG
54%
Olivier GiroudGrenoble Foot 38
52%
Bixente LizarazuGirondins de Bordeaux
51%
Allan Saint-MaximinAS Saint-Étienne
38%
Didier DeschampsFC Nantes
37%
Éric CantonaAJ Auxerre
32%
Idrissa GueyeLOSC
30%
Didier DrogbaLe Mans
29%
Ludovic GiulyOlympique lyonnais
29%
Morgan SchneiderlinRC Strasbourg
29%
N'Golo KantéUS Boulogne
29%
Laurent BlancMontpellier HSC
28%
Raphaël GuerreiroSM Caen
21%
Seydou KeitaOlympique de Marseille
11%

Distribution des résultats

Percentile par nombre de réponses

% des personnes avec chaque résultat

Votre développement - résultats

Vous n’avez pas pris ce quiz